Christmas Characters - Statistics

General Stats
  • This quiz has been taken 328 times
  • The average score is 15 of 20
Answer Stats
Hint Answer % Correct
Reindeer #9 Rudolph
97%
Delivers Presents Santa Claus
96%
Tried to Steal Christmas The Grinch
94%
Reindeer #8 Blitzen
91%
Snowman who came to Life Frosty the Snowman
91%
Reindeer #2 Dancer
90%
Reindeer #3 Prancer
90%
Reindeer #5 Comet
89%
Reindeer #6 Cupid
89%
Reindeer #7 Donner
88%
Reindeer #4 Vixen
88%
Reindeer #1 Dasher
86%
Old Man who Hates Christmas Ebenezer Scrooge
81%
Little Boy who was Left Home Alone Kevin McCallister
67%
Crippled Youngster from A Christmas Carol Tiny Tim
62%
UK Variant of the Above Father Christmas
56%
Alpine Folklore that Punishs Misbehaving Children Krampus
41%
Controls Hot Weather all over the Earth Heat Miser
22%
Controls Cold Weather all over the Earth Snow Miser
19%
He Wished he Was Never Born George Bailey
16%
No matching quizzes found
Score Distribution
Percent of People with Each Score
Percentile by Number Answered
Your Score History
You have not taken this quiz